000 nam a22 7a 4500
999 _c8540
_d8540
008 180117b ||||| |||| 00| 0 eng d
100 _aSawhney.P.etal.
_94930
245 _aGeneral Awaness
260 _aNew Delhi
_bHolyfaith
_c2009